00546nam a22001457a 4500040000900000082001800009100003700027245001900064260004400083650002700127942001200154999001900166952010700185952010800292 cNust a297.1227bSAL aHafiz Salah Ud Din Yousaf 99633 aAhsan Ul Bayan aLahore:bDar Ul Salam Publisher,c2008. aAhsan Ul Bayan9125855 2ddccBK c611509d611509 00102ddc4070aCEMEbCEMEcGENd2024-09-12l0o297.1227 SALpCEME- 38371r2024-09-12w2024-09-12yBK 00102ddc4070aCEMEbCEMEcGENd2024-09-12l0o297.1227 SALpCEME- 38371r2024-09-12w2024-09-12yBK